| 000 | 00847nam a22001937a 4500 | ||
|---|---|---|---|
| 999 |
_c8849 _d8849 |
||
| 003 | GBCCL | ||
| 005 | 20241126110659.0 | ||
| 008 | 211123b ||||| |||| 00| 0 eng d | ||
| 040 | _cgbc | ||
| 082 |
_a261.8095417 _bTRA |
||
| 245 |
_aTransform North East India : _brevitalize the Church and community / _cforeword by Luis Bush ; edited by T. Hawiphal. |
||
| 260 |
_aGuwahati, Assam, India : _bTransform North East India _c2020, 2016. |
||
| 300 |
_aix, 297 pages, _b16 unnumbered pages of plates : illustrations (black and white, and colour), 1 map (colour) ; _c22 cm |
||
| 650 |
_aChurch and social problems _zIndia, _91133 |
||
| 650 |
_aNortheastern _vCongresses. _915550 |
||
| 650 |
_aMissions _v Congresses. _zIndia, _zNortheastern _915551 |
||
| 650 |
_aTribes _vServices for _zIndia, _zNortheastern _zCongresses. _915552 |
||
| 942 |
_2ddc _cBK _09 |
||